000 00366nam a2200133Ia 4500
008 151021s9999 xx 000 0 und d
020 _a9.7899664645e+012
050 _aP MLCS 91/1187 1989
245 _a_White teeth Okot P'Bitek
260 _aNairobi East African Educational 1989
300 _a108p.
650 _a_Novel
980 _a^d20130711 03:50:18^oanne
999 _c14297
_d14297